Novedades colombianas. (Registro nro. 17019)

Detalles MARC
000 -CABECERA
Campo de control 00579cas a2200181u 4500
005 - FECHA Y HORA DE LA ULTIMA TRANSACCION
Campo de control 20180629125216.0
008 - ELEMENTOS DE LONGITUD FIJA—INFORMACION GENERAL
Campo de control 881206b1989 ck u 0 0 0spa
040 ## - FUENTE DE CATALOGACIÓN
Agencia catalogadora original DLC
Agencia transcriptora CarP
Agencia Modificadora DLC
-- CO-BoIAVH
041 0# - IDIOMA
Código de idioma para texto/pista de sonido o título separado Español
044 ## - PAÍS DE PUBLICACIÓN
País de publicación Colombia
090 ## - CLASIFICACIÓN LOCAL
Colección SE
245 00 - MENCION DE TITULO
Título Novedades colombianas.
260 ## - PUBLICACION, DISTRIBUCION, ETC. (PIE DE IMPRENTA)
Lugar de publicación, distribución, etc. Popayán (Colombia) :
Nombre del editor, distribuidor, etc. Editorial Universidad del Cauca,
Fecha de publicación, distribución, etc. 1989-.
300 ## - DESCRIPCION FISICA
Otros detalles físicos illustraciones ;
Dimensiones 25 cm.
650 26 - ASIENTO SECUNDARIO DE MATERIA - TERMINO TEMATICO
Término temático o nombre geográfico como elemento de entrada Historia natural
Subdivisión geográfica Colombia.
Subdivisión de forma Publicaciones periódicas
9 (RLIN) 91667
710 2# - ASIENTO SECUNDARIO - NOMBRE CORPORATIVO
Nombre corporativo o de jurisdicción como elemento de entrada Universidad del Cauca.
Unidad subordinada Museo de Historia Natural.
9 (RLIN) 91668
942 ## - ELEMENTOS ADICIONALES (KOHA)
Sistema de clasificación Local
Tipo de ítem Periodica o revista
Existencias
Withdrawn status Lost status Sistema de Clasificación Damaged status No para préstamo Colección Fecha publicación (Año) Número revista Inventariado Ubicación Permanente Ubicación actual Fecha de adquisición Fuente de adquisición Datos de publicación Seriada Total Checkouts Número topográfico Inventario / Código de Barras Date last seen Ejemplar Price effective from Forma de adquisición Tipo de material
    Local     Hemeroteca 1992 5 Inventariado 2017 Bogotá Bogotá 29/06/2005 Álvarez, Mauricio Número 5 (01/12/1992)   SE 019309 25/03/2015 Ej. 1 25/03/2015 Donación Periodica o revista
    Local     Hemeroteca 1989 1 Inventariado 2017 Bogotá Bogotá 26/07/2005 IDEAM Número 1 (01/10/1989)   SE 019524 25/03/2015 Ej. 1 25/03/2015 Donación Periodica o revista
    Local     Hemeroteca 1992 4 Inventariado 2017 Bogotá Bogotá 15/05/2003 Desconocido Número 4 (01/09/1992)   SE 008330 25/03/2015 Ej. 1 25/03/2015 Donación Periodica o revista
    Local     Hemeroteca 1994 6 Inventariado 2017 Bogotá Bogotá 15/05/2003 Desconocido Número 6 (01/06/1994)   SE 008331 25/03/2015 Ej. 1 25/03/2015 Donación Periodica o revista
    Local     Hemeroteca 1997 7 Inventariado 2017 Bogotá Bogotá 20/03/2001 Desconocido Número 7 (01/01/1997)   SE 008333 25/03/2015 Ej. 1 25/03/2015 Donación Periodica o revista
    Local     Hemeroteca 1992 5   Bogotá Bogotá 29/06/2018   Número 5 (01/12/1992)   SE 029882 29/06/2018 Ej. 2 29/06/2018 Donación Periodica o revista